| 000 | 01219cam a2200361 a 4500 | ||
|---|---|---|---|
| 001 | 12254373 | ||
| 003 | OSt | ||
| 005 | 20140310184348.0 | ||
| 008 | 001211s2001 nyu c 000 1 eng | ||
| 010 | _a 00054233 | ||
| 020 | _a043956969 | ||
| 020 | _a006029289X (lib. bdg.) | ||
| 040 |
_aDLC _cDLC _dDLC |
||
| 042 |
_apcc _alcac |
||
| 050 | 0 | 0 |
_aPZ 7 _b.C8615Lo 2003 |
| 100 | 1 |
_aCreech, Sharon. _94774 |
|
| 245 | 1 | 0 |
_aLove that dog / _cSharon Creech. |
| 260 |
_aNew York : _bScholastic, _c2001. |
||
| 300 |
_a86 p. ; _ccm. |
||
| 521 | _aG9 | ||
| 526 | _c1010 | ||
| 650 | 1 |
_aPoetry _vFiction. _924920 |
|
| 650 | 1 |
_aNovels in verse. _918674 |
|
| 856 | 4 | 2 |
_3Publisher description _uhttp://www.loc.gov/catdir/description/hc043/00054233.html |
| 856 | 4 | 2 |
_3Contributor biographical information _uhttp://www.loc.gov/catdir/enhancements/fy0910/00054233-b.html |
| 906 |
_a7 _bcbc _corignew _d1 _eocip _f20 _gy-gencatlg |
||
| 942 |
_2lcc _cBK-SCHOLAS |
||
| 999 |
_c33899 _d33899 |
||